| 000 | 00602nam a2200169 a 4500 | ||
|---|---|---|---|
| 001 | 000034760 | ||
| 005 | 20200930073903.0 | ||
| 008 | 111019s1946 dr 000 0 spa d | ||
| 040 |
_aDO-SdBNP _bspa _cBNPHU |
||
| 082 |
_axxx _bP371i, 1946 |
||
| 100 | 1 |
_aPedreira, Antonio S. _923543 |
|
| 245 | 1 | 0 |
_aInsularismo : _bEnsayos de interpretación puertorriqueña / _cAntonio S. Pedreira. |
| 250 | _a3a ed. | ||
| 260 |
_aSan Juan, Puerto Rico : _bBibliotecas de Autores Puertorriqueños, _c1946. |
||
| 300 |
_a211 p. ; _c20 cm. |
||
| 590 | _aPerteneció a la biblioteca personal de Juan Isidro Jimenes Grullón. | ||
| 999 |
_c34251 _d34251 |
||